| 000 | 01151nam a22002777a 4500 | ||
|---|---|---|---|
| 003 | BD-DhSAU | ||
| 005 | 20190113091457.0 | ||
| 008 | 161006b2015 bg ||||| |||| 00| 0 eng d | ||
| 040 | _aBD-DhSAU | ||
| 082 |
_222 _a581.2 _bR231 |
||
| 100 |
_aRasul, Md. Golam _4Regi. no. 10-03862 |
||
| 245 |
_aEvaluation of purpureocillium Lilacinum and arbuscular mycorrhizal fungus (AMF) on plant growth and control of eggplant wilt in arsenic contaminated soil / _cMd. Golam Rasul _bMs Thesis |
||
| 260 |
_aDhaka : Sher e Bangla Agricultural University : _bDepartment of Plant Pathology , _c2015 |
||
| 300 |
_ax , 69 p. : _bill. ; _c29 cm. |
||
| 504 | _aIncludes bibliographical references. | ||
| 590 | _aKamim | ||
| 650 | _aPlant Pathology. | ||
| 650 | _aEvaluation of purpureocillium Lilacinum | ||
| 650 | _aarbuscular mycorrhizal fungus (AMF) | ||
| 650 | _aplant growth and control of eggplant wilt | ||
| 650 | _aarsenic contaminated soil | ||
| 700 |
_aAminuzzaman, F.M. _4Supervisor |
||
| 700 |
_aIslam, Md. Rafiqul _4Co-supervisor |
||
| 856 |
_uhttp://archive.saulibrary.edu.bd:8080/xmlui/handle/123456789/33 _yOnline access |
||
| 942 |
_2ddc _cTHESIS |
||
| 999 |
_c13875 _d13874 |
||